| 000 | 00641nam a22002053a 4500 | ||
|---|---|---|---|
| 005 | 20230211063615.0 | ||
| 008 | 011011s1995 es r 000 0 spa d | ||
| 020 | _a8487767451 | ||
| 035 | _aUPN01000112931 | ||
| 049 | _aCG | ||
| 050 | 4 |
_aRF290 _bD4.3 |
|
| 245 | 0 | 0 |
_aDeficiencia auditiva : _baspectos psicoevolutivos y educativos / _cSantiago Torres Monreal ... [et al.]. |
| 260 |
_aMálaga, Esp. : _bAljibe, _c1995. |
||
| 300 |
_a340 p. : _btablas |
||
| 440 | 0 | _aEducación para la diversidad | |
| 650 | 2 |
_aSordera _925484 |
|
| 650 | 4 |
_aNIÑOS SORDOS - _xEDUCACION |
|
| 700 | 1 |
_aTorres Monreal, Santiago, _ecoaut. _941084 |
|
| 905 | _aLibro | ||
| 999 |
_c86839 _d86839 |
||